Real Interest Rates, Real Exchange Rates, and Net Foreign Assets in the Adjustment Process

Na minha lista:
Detalhes bibliográficos
Autor principal: Helbling, Thomas
Outros Autores: Turtelboom, Bart
Formato: Livro
Idioma:inglês
Publicado em: Washington International Monetary Fund 1995
Edição:1. ed.
Colecção:IMF Working Paper 129
Assuntos:
Tags: Adicionar Tag
Sem tags, seja o primeiro a adicionar uma tag!

MARC

LEADER 00000nam a2200000 4500
001 c016129
005 20221205133449.1
041 0 |a eng 
044 |a US 
245 1 0 |a Real Interest Rates, Real Exchange Rates, and Net Foreign Assets in the Adjustment Process  |c Thomas Helbling, Bart Turtelboom 
250 |a 1. ed. 
264 1 |a Washington  |b International Monetary Fund  |c 1995 
300 |a 32 s. 
490 1 |a IMF Working Paper  |v 129 
830 0 |a IMF Working Paper  |v 129 
610 2 0 |a proces investičný 
610 2 0 |a sadzby úrokové 
610 2 0 |a kurz menový 
610 2 0 |a aktíva 
610 2 0 |a miera úroková 
610 2 0 |a kurz devízový 
100 1 |a Helbling, Thomas 
700 1 |a Turtelboom, Bart